Desigual belső kommunikációs tevékenységének vizsgálata, javaslattétel a fejlesztésre
| Szerző: | |
|---|---|
| További közreműködők: | |
| Dokumentumtípus: | Diplomadolgozat |
| Kulcsszavak: | belső kommunikáció fejlesztése belső vállalati folyamatok divat franchise interjú |
| Online Access: | http://dolgozattar.uni-bge.hu/59623 |
MARC
| LEADER | 00000nta a2200000 i 4500 | ||
|---|---|---|---|
| 001 | dolg59623 | ||
| 005 | 20260409145323.0 | ||
| 008 | 260409suuuu hu om 000 hun d | ||
| 040 | |a BGE Dolgozattár Repozitórium |b hun | ||
| 041 | |a hu | ||
| 100 | 1 | |a Orosz Eszter | |
| 245 | 1 | 0 | |a Desigual belső kommunikációs tevékenységének vizsgálata, javaslattétel a fejlesztésre |c Orosz Eszter |h [elektronikus dokumentum] |
| 520 | 3 | |a Dolgozatom célja a Desigual budapesti franchise-üzleteinek belső kommunikációs tevékenységének vizsgálata, valamint fejlesztési javaslatok megfogalmazása a kommunikáció hatékonyságának növelése érdekében. A Desigual egy nemzetközi divatmárka, amely különleges vizuális megjelenéséről, kreatív kampányairól és globális márkaidentitásáról ismert. A franchise-modell sajátosságai azonban különös kommunikációs kihívásokat támasztanak, hiszen a központi elvárásokat össze kell hangolni a helyi piaci igényekkel. A dolgozat kvalitatív (interjú) és kvantitatív (kérdőív) kutatásra támaszkodik, hogy feltárja a kommunikációs csatornák jelenlegi működését, azok hatékonyságát és az alkalmazottak, valamint vásárlók elégedettségét. A vizsgálatok rámutattak arra, hogy bár a Desigual márkaértékei és üzenetei jellemzően megjelennek a budapesti üzletekben is, a kommunikációs folyamatok fejlesztése – különösen a digitális eszközök és visszacsatolási lehetőségek tekintetében – tovább növelheti a dolgozói elkötelezettséget és a fogyasztói lojalitást. A dolgozat végén javaslatokat fogalmazok meg a belső kommunikáció integrációjára, amely hozzájárulhat a márka egységes megjelenéséhez és a helyi szintű működés hatékonyabb támogatásához. | |
| 695 | |a belső kommunikáció fejlesztése | ||
| 695 | |a belső vállalati folyamatok | ||
| 695 | |a divat | ||
| 695 | |a franchise | ||
| 695 | |a interjú | ||
| 700 | 1 | |a Békési Gábor György |e ths | |
| 856 | 4 | 0 | |u http://dolgozattar.uni-bge.hu/59623/1/szakdolgozat%20IXX5KG.pdf |z Dokumentum-elérés |
| 856 | 4 | 0 | |u http://dolgozattar.uni-bge.hu/59623/2/mulaszt%C3%A1sid%C3%ADj.pdf |z Dokumentum-elérés |
| 856 | 4 | 0 | |u http://dolgozattar.uni-bge.hu/59623/3/BA%20KM%20magyar%20b%C3%ADr%C3%A1lati%20lap%20BELS%C5%90_Orosz_Eszter.pdf |z Dokumentum-elérés |
| 856 | 4 | 0 | |u http://dolgozattar.uni-bge.hu/59623/4/OROSZ%20ESZTER%20-%20BA%20KM%20magyar%20b%C3%ADr%C3%A1lati%20lap%20K%C3%9CLS%C5%90-SF.pdf |z Dokumentum-elérés |